| LEADER |
00592nam0a2200169 450 |
| 001 |
16844309 |
| 010 |
|
|
|a 978-2-203-28092-2
|b Br.
|d 5,95
|
| 100 |
|
|
|a 20240313d2024 u u0frey01 ba
|
| 101 |
0 |
|
|a fre
|
| 200 |
0 |
|
|a Ce doudou que j'aime énormément
|f Capucine Lewalle, Maud Legrand
|
| 207 |
|
1 |
|a
|
| 210 |
|
|
|a Tournai (Belgique)
|b 28 Rue des Soeurs Noires.
|c Casterman
|d 2024
|
| 700 |
|
0 |
|a Lewalle
|b Capucine
|4 70
|
| 701 |
|
0 |
|a Legrand
|b Maud
|f 1976-....
|4 440
|
| 900 |
|
|
|a Album
|
| 901 |
|
|
|a Accessible au prêt
|
| 995 |
|
|
|a Bibliothèque
|c Bibliothèque
|f 024024407
|h 024024407
|k A LEW
|o p
|q j
|r az
|e Bibliothèque
|